000 003150000a22001450004500
005 20120302060454.0
942 _cBOOK
100 _a Degwekar,Ma.Pa.
245 _a Drushtaanta Ratnaakar
260 _aPune:Heramba Prakaashan,2000.
300 _a28p.
040 _aSAN
365 _b10/-
650 _aTatvadnyaan
999 _c351281
_d351278